[Event "Hastings op9495"]
[Site "Hastings"]
[Date "1994.??.??"]
[Round "?"]
[White "Sherbakov, Ruslan"]
[Black "Gufeld, Eduard"]
[Result "1/2-1/2"]
[WhiteElo "2510"]
[BlackElo "2440"]

1.d4 Nf6 2.c4 g6 3.Nc3 Bg7 4.e4 O-O 5.Nf3 d6 6.Be2 e5 7.O-O Nc6 8.d5 Ne7
9.Nd2 c5 10.dxc6 bxc6 11.b4 d5 12.Ba3 Re8 13.Re1 dxe4 14.Ncxe4 Nf5 15.Bb2 Rb8
16.a3 a5 17.Bc3 axb4 18.axb4 Nd4 19.Nxf6+ Qxf6 20.Ne4 Qe7 21.Bxd4 exd4 22.Bd3 Be6
23.Nc5 Rxb4 24.Nxe6 fxe6 25.Ra2 Rf8 26.g3 e5 27.h4 Qf7 28.Kg2 Rxc4 29.Bxc4 Qxc4
30.Rc2 Qd5+ 31.f3 c5 32.Qd3 Rc8 33.Rc4 Bh6 34.Re2 Rf8 35.Re4 Rf7 36.Ra4 Rc7
37.Rc4 Rf7 38.Ra4 Rc7 39.Rc4 Rf7 40.Ra4 Rc7  1/2-1/2

[Event "Hedehusene"]
[Site "Hedehusene"]
[Date "1994.??.??"]
[Round "2"]
[White "Bang, Andreas"]
[Black "Jorgensen, Brian"]
[Result "0-1"]
[WhiteElo "2310"]
[BlackElo "2245"]

1.Nf3 Nf6 2.c4 g6 3.Nc3 Bg7 4.e4 d6 5.d4 O-O 6.Be2 e5 7.O-O Nc6 8.d5 Ne7
9.Ne1 Nd7 10.Bg5 f6 11.Bh4 Bh6 12.Nd3 f5 13.exf5 g5 14.Bg3 Nxf5 15.Ne4 Nf6
16.Bf3 Kh8 17.Nxf6 Qxf6 18.c5 g4 19.Be4 b6 20.cxd6 cxd6 21.a4 Nxg3 22.hxg3 a5
23.Ra3 Bd7 24.Rc3 Rac8 25.Qc2 Be3 26.b3 h5 27.Rxc8 Rxc8 28.Qe2 Bd4 29.Rc1 Rxc1+
30.Nxc1 h4 31.gxh4 Qxh4 32.g3 Qxg3+ 33.Kf1 Qh3+ 34.Ke1 g3 35.fxg3 Qxg3+ 36.Kd2 Bg4
37.Qd3 Qf4+ 38.Kc2 Qf2+ 39.Qd2 Qxd2+ 40.Kxd2 Kg7 41.Nd3 Kf6 42.Ne1 Kg5 43.Ng2 Bf2
44.Kc3 Bf5 45.Bf3 e4 46.Be2 Bh3 47.Bf1 Kg4  0-1

[Event "Hedehusene"]
[Site "Hedehusene"]
[Date "1994.??.??"]
[Round "9"]
[White "Bang, Andreas"]
[Black "Christensen, Lasse"]
[Result "1/2-1/2"]
[WhiteElo "2310"]
[BlackElo "2260"]

1.Nf3 Nf6 2.c4 g6 3.Nc3 Bg7 4.e4 d6 5.d4 O-O 6.Be2 e5 7.O-O Nc6 8.d5 Ne7
9.Ne1 Nd7 10.Nd3 f5 11.exf5 Nxf5 12.f3 c6 13.Nf2 Nf6 14.Nfe4 Nxe4 15.Nxe4 Kh8
16.g4 Nd4 17.Be3 cxd5 18.cxd5 Qa5 19.Bc4 b5 20.Bb3 Qd8 21.Kg2 a5 22.a3 Ra7
23.Rc1 Rc7 24.Ba2  1/2-1/2

[Event "Helsinki-ch"]
[Site "Helsinki"]
[Date "1994.??.??"]
[Round "?"]
[White "Niemela, Antti"]
[Black "Norri, Joose"]
[Result "0-1"]
[WhiteElo "2165"]
[BlackElo "2385"]

1.d4 Nf6 2.c4 g6 3.Nc3 Bg7 4.e4 d6 5.Be2 O-O 6.Nf3 e5 7.O-O Nc6 8.d5 Ne7
9.Nd2 a5 10.a3 Nd7 11.Rb1 f5 12.b4 Nf6 13.c5 axb4 14.axb4 g5 15.Nc4 f4 16.b5 dxc5
17.d6 cxd6 18.Nxd6 h6 19.Qb3+ Kh7 20.Rd1 Qa5 21.Nc4 Qc7 22.b6 Qb8 23.Ba3 Be6
24.Bxc5 Rf7 25.Nd5 Bxd5 26.exd5 Nf5 27.d6 Nd7 28.Ne3 Qf8 29.Nxf5 Nxc5 30.Qc2 Rxf5
31.Qxc5 e4 32.Qc7 f3 33.gxf3 Kh8 34.d7 Rd8 35.Rbc1 exf3 36.Qxd8 Qxd8 37.Rc8 Bf6
38.Bc4 Kg7 39.Rxd8 Bxd8 40.Re1 Rc5 41.Re4 Rc6 42.h4 Rd6 43.hxg5 hxg5 44.Bb5 Bxb6
45.Re7+ Kf6 46.Re8 Rd1+ 47.Kh2 Bc7+ 48.Kh3 Rd4 49.d8=Q+ Bxd8  0-1

[Event "Horgen CS"]
[Site "Horgen"]
[Date "1994.??.??"]
[Round "7"]
[White "Kortschnoj, Viktor"]
[Black "Shirov, Alexei"]
[Result "1/2-1/2"]
[WhiteElo "2615"]
[BlackElo "2740"]

1.c4 Nf6 2.Nc3 g6 3.e4 d6 4.d4 Bg7 5.Be2 O-O 6.Nf3 e5 7.O-O Nc6 8.d5 Ne7
9.Ne1 Nd7 10.Be3 f5 11.f3 f4 12.Bf2 g5 13.a4 Ng6 14.a5 Kh8 15.Nd3 Rg8 16.c5 Bf8
17.c6 bxc6 18.Nb4 Ne7 19.Nxc6 Nxc6 20.dxc6 Nf6 21.Nd5 Be6 22.b4 h5 23.b5 Bh6
24.b6 axb6 25.axb6 Rxa1 26.Qxa1 Bxd5 27.exd5 cxb6 28.Rb1 g4 29.Bxb6 Qc8 30.c7 Nxd5
31.Ba6 Qd7 32.c8=Q Rxc8 33.Bxc8 Qxc8 34.Ba7 Kg7 35.Qb2 Kf6 36.Rd1 Qc6 37.Qd2 Ke6
38.Qa2 Qb5 39.h3 gxf3 40.gxf3 Bg5 41.Bf2 Bf6 42.Kg2 Be7 43.Rd2 Bf6 44.Rb2 Qd3
45.Rd2  1/2-1/2

[Event "Hradec Kralove op"]
[Site "Hradec Kralove"]
[Date "1994.??.??"]
[Round "9"]
[White "Jedlicka, Ales"]
[Black "Vavra, Radim"]
[Result "1/2-1/2"]
[WhiteElo "2070"]
[BlackElo "1925"]

1.d4 Nf6 2.c4 g6 3.Nc3 Bg7 4.e4 d6 5.Nf3 O-O 6.Be2 e5 7.O-O Nc6 8.Be3 Ng4
9.Bg5 f6 10.Bh4 Ne7 11.h3 Nh6 12.dxe5 dxe5 13.Qxd8 Rxd8 14.Nd5 Nxd5 15.cxd5 g5
16.Bg3 Bf8 17.Rfc1 Bd6 18.Nd2 Bd7 19.Nc4 Rdc8 20.Rc2 Kf8 21.Rac1 Ke7 22.f3 Bc5+
23.Bf2 Bxf2+ 24.Kxf2 Kd8 25.Na5 Rab8 26.Ke3 Nf7 27.h4 h6 28.hxg5 fxg5 29.g3 c6
30.dxc6 Bxc6 31.Nxc6+ Rxc6 32.Rxc6 bxc6 33.Rxc6 Rxb2 34.Bc4 Kd7 35.Ra6 Nd6
36.Rxa7+ Rb7 37.Rxb7+ Nxb7 38.Bb5+ Ke7 39.a4 Ke6 40.Kd3 h5 41.Kc3 h4 42.gxh4 gxh4
43.Bf1 Kf6 44.Kc4 Kg5 45.Bh3 Kf4 46.Bg4 Nd6+ 47.Kd3 Nxe4 48.a5 Nc5+ 49.Ke2 e4
50.Bh5 exf3+ 51.Bxf3  1/2-1/2

[Event "Hradec Kralove op"]
[Site "Hradec Kralove"]
[Date "1994.??.??"]
[Round "9"]
[White "Jurik, Zdenek"]
[Black "Skaroupka, Jiri"]
[Result "1-0"]
[WhiteElo "2065"]
[BlackElo "1900"]

1.d4 Nf6 2.Nf3 g6 3.c4 Bg7 4.Nc3 O-O 5.e4 d6 6.Be2 e5 7.O-O Nc6 8.d5 Ne7
9.Ne1 Ne8 10.Be3 f5 11.f3 f4 12.Bf2 g5 13.a4 Ng6 14.a5 Rf7 15.b4 h5 16.h3 Bf8
17.c5 Rh7 18.Nb1 Nf6 19.Nd2 Qe7 20.Ra3 Qg7 21.a6 b6 22.cxb6 cxb6 23.Bb5 g4
24.Bc6 Rb8 25.Kh1 gxh3 26.Nc4 hxg2+ 27.Nxg2 Qc7 28.b5 Nd7 29.Rg1 Rg7 30.Ra2 Nc5
31.Nh4 Nxh4 32.Bxh4 Bd7 33.Bf6 Rxg1+ 34.Qxg1+ Kf7 35.Qg5 Bxc6 36.dxc6 Ne6
37.Qf5 Be7 38.Bxe5+ Ke8 39.Qxh5+ Kd8 40.Rd2  1-0

[Event "HUN-chT 9394"]
[Site "?"]
[Date "1994.??.??"]
[Round "?"]
[White "Farago, Ivan"]
[Black "Bilek, Istvan"]
[Result "1/2-1/2"]
[WhiteElo "2515"]
[BlackElo "2390"]

1.d4 Nf6 2.c4 g6 3.Nc3 Bg7 4.e4 d6 5.Be2 O-O 6.Nf3 e5 7.O-O Nc6 8.d5 Ne7
9.Nd2 Ne8 10.b4 f5 11.f3 Kh8 12.c5 h5 13.a4 f4 14.Nc4 g5 15.a5 Rf6 16.Bd2 Rg6  1/2-1/2

[Event "HUN-chT 9394"]
[Site "?"]
[Date "1994.??.??"]
[Round "?"]
[White "Dudas, Janos"]
[Black "Pesztericz, Laszlo"]
[Result "1-0"]
[WhiteElo "2310"]
[BlackElo "2280"]

1.d4 Nf6 2.c4 g6 3.Nc3 Bg7 4.e4 d6 5.Be2 O-O 6.Nf3 e5 7.O-O Nc6 8.d5 Ne7
9.Ne1 Ne8 10.Nd3 f5 11.f4 Nf6 12.fxe5 dxe5 13.exf5 e4 14.Nf2 gxf5 15.g4 Qd6
16.Bg5 h6 17.Be3 fxg4 18.Nfxe4 Nxe4 19.Rxf8+ Bxf8 20.Nxe4 Qg6 21.Ng3 Nf5
22.Qd3 Qe8 23.Bf2 Nxg3 24.Bxg3 Qh5 25.Rf1 b5 26.cxb5 Bb7 27.Rf5 Qe8 28.Bxg4 Rd8
29.Re5 Bc5+ 30.Kg2 Qf8 31.Be6+ Kh8 32.Rf5 Qg7 33.Rf7 Rxd5 34.Bxd5 Qxb2+ 35.Kh3 Bc8+
36.Kh4 Be7+ 37.Kh5  1-0

[Event "HUN-chT 9394"]
[Site "?"]
[Date "1994.??.??"]
[Round "?"]
[White "Farago, Ivan"]
[Black "Groszpeter, Attila"]
[Result "0-1"]
[WhiteElo "2515"]
[BlackElo "2525"]

1.d4 Nf6 2.c4 g6 3.Nc3 Bg7 4.e4 d6 5.Be2 O-O 6.Nf3 e5 7.O-O Nc6 8.d5 Ne7
9.Nd2 c6 10.a3 Ne8 11.b4 cxd5 12.cxd5 f5 13.f3 Bd7 14.Nc4 Rc8 15.Bd2 Kh8
16.Kh1 Ng8 17.Na5 Bh6 18.Rc1 Rc7 19.exf5 gxf5 20.f4 exf4 21.Bxf4 Bxf4 22.Rxf4 Qf6
23.Qd4 Ne7 24.Na2 Rxc1+ 25.Nxc1 Ng6 26.Qxf6+ Nxf6 27.Rd4 Rc8 28.Rc4 Ne5 29.Rxc8+ Bxc8
30.Nc4 Nxc4 31.Bxc4 Kg7 32.Kg1 Ne4 33.g3 Kf6 34.Nd3 b6 35.Kg2 Bb7 36.b5 Nd2
37.Ba2 a6 38.Kf2 axb5 39.Ke3 Nf1+ 40.Kf4 Nxh2 41.Nb4 Ng4 42.Bb1 Bc8 43.Bd3 Ne5
44.Bxb5 Ng6+ 45.Ke3 Kg5 46.Nd3 Kg4 47.Nb2 Kxg3 48.Nc4 Ne7 49.Kd4 h5 50.Nxd6 h4
51.Nc4 Nxd5 52.Kxd5 h3 53.Nd2 Bb7+ 54.Ke5 Bg2 55.Kxf5 h2 56.Nc4 h1=Q 57.a4 Bd5
58.Ke5 Bxc4 59.Bxc4 Qa1+ 60.Ke4 Qxa4  0-1

[Event "HUN-chT 9394"]
[Site "?"]
[Date "1994.??.??"]
[Round "?"]
[White "Sziraki, Tamas"]
[Black "Kecskes, Gabor"]
[Result "1-0"]
[WhiteElo "2240"]
[BlackElo "2195"]

1.Nf3 Nf6 2.c4 g6 3.Nc3 Bg7 4.e4 d6 5.d4 O-O 6.Be2 e5 7.O-O Nc6 8.d5 Ne7
9.Bg5 h6 10.Bxf6 Bxf6 11.b4 Bg7 12.c5 f5 13.cxd6 cxd6 14.Rc1 Bd7 15.Nd2 fxe4
16.Ncxe4 Nf5 17.a4 h5 18.Nc4 Bh6 19.Rc3 Rc8 20.Rf3 Qh4 21.Nexd6 Nxd6 22.Nxd6 Rxf3
23.Bxf3 Rc3 24.Ne4 Rc4 25.g3 Qd8 26.Qb3 Rd4 27.Nc5 Kg7 28.Re1 Bd2 29.Rxe5 Bxb4
30.Ne6+ Bxe6 31.Rxe6 b6 32.Qc2 Qg5 33.Be4 Rxe4 34.Qxe4 Bc5 35.Kg2  1-0

[Event "HUN-chT 9394"]
[Site "?"]
[Date "1994.??.??"]
[Round "?"]
[White "Sleisz, Tamas"]
[Black "Glatt, Gabor"]
[Result "0-1"]
[WhiteElo "2290"]
[BlackElo "2295"]

1.d4 Nf6 2.c4 g6 3.Nc3 Bg7 4.e4 d6 5.Nf3 O-O 6.Be2 e5 7.O-O Nc6 8.d5 Ne7
9.Ne1 Nd7 10.Be3 f5 11.f3 f4 12.Bf2 g5 13.b4 Nf6 14.c5 Ng6 15.cxd6 cxd6 16.Rc1 Rf7
17.a4 h5 18.a5 g4 19.Nb5 g3 20.hxg3 fxg3 21.Bxg3 Bh6 22.Rc3 a6 23.Na3 h4
24.Bf2 Nh5 25.Qc2 Ngf4 26.Bb6 Qg5 27.Rxc8+ Rxc8 28.Qxc8+ Rf8 29.Qd7 Nxe2+
30.Kf2 Nhg3 31.Qe6+ Kh8 32.Nc4 Nf4 33.Be3 Nxe6  0-1

[Event "HUN-chT 9394"]
[Site "?"]
[Date "1994.??.??"]
[Round "?"]
[White "Gyimesi, Zoltan"]
[Black "Mester, Gyula"]
[Result "1-0"]
[WhiteElo "2360"]
[BlackElo "2255"]

1.d4 Nf6 2.c4 g6 3.Nc3 Bg7 4.e4 d6 5.Be2 O-O 6.Nf3 e5 7.O-O Nc6 8.d5 Ne7
9.Ne1 Nd7 10.Nd3 f5 11.Bd2 fxe4 12.Nxe4 Nf5 13.Bc3 Nf6 14.Bf3 Bd7 15.a4 a5
16.Qc2 c5 17.Rac1 Kh8 18.Nxf6 Qxf6 19.Be4 Nd4 20.Bxd4 exd4 21.f4 b6 22.b3 Rae8
23.g3 Re7 24.Nf2 g5 25.Nd3 Rfe8 26.Qg2 Bh6 27.f5 g4 28.Nf4 Bxf4 29.Rxf4 Bxf5
30.Qf2 Qg6 31.Rxf5 Rxe4 32.Rf8+ Kg7 33.Rf1 R4e7 34.Qf4 d3 35.Rf6 Qe4 36.Qh6+  1-0

[Event "HUN-chT 9394"]
[Site "?"]
[Date "1994.??.??"]
[Round "?"]
[White "Gyimesi, Zoltan"]
[Black "Poor, Istvan"]
[Result "0-1"]
[WhiteElo "2360"]
[BlackElo "2280"]

1.d4 g6 2.c4 Bg7 3.Nc3 d6 4.e4 Nf6 5.Nf3 O-O 6.Be2 e5 7.O-O Nc6 8.d5 Ne7
9.Ne1 Nd7 10.Nd3 f5 11.Bd2 c5 12.exf5 Nxf5 13.f3 a6 14.Nf2 Nf6 15.Bd3 Nd4
16.a4 Nh5 17.Ne2 Nf4 18.Nxd4 exd4 19.Bxf4 Rxf4 20.g3 Rf7 21.Be4 Bd7 22.Qd3 Rb8
23.a5 Qg5 24.Kg2 Be5 25.Rab1 b5 26.axb6 Rxb6 27.Qa3 h5 28.b4 h4 29.bxc5 Rxb1
30.Rxb1 hxg3 31.hxg3 Bh3+ 32.Nxh3 Qxg3+ 33.Kf1 Qxh3+ 34.Ke2 Qg2+ 35.Kd1 Qf1+
36.Kc2 Qxc4+ 37.Kd1 Qf1+ 38.Kc2 Qe2+ 39.Kb3 Rb7+ 40.Ka4 Rxb1  0-1

[Event "HUN-chT 9394"]
[Site "?"]
[Date "1994.??.??"]
[Round "?"]
[White "Lengyel, Levente"]
[Black "Zila, Laszlo"]
[Result "1-0"]
[WhiteElo "2385"]
[BlackElo "2425"]

1.Nf3 Nf6 2.c4 g6 3.Nc3 Bg7 4.d4 O-O 5.e4 d6 6.Be2 e5 7.O-O Nc6 8.Be3 Ng4
9.Bg5 f6 10.Bh4 g5 11.Bg3 Nh6 12.dxe5 fxe5 13.h3 g4 14.hxg4 Bxg4 15.Ne1 Qg5
16.Bxg4 Nxg4 17.Nf3 Qh5 18.Nd5 Qf7 19.Ng5 Qh5 20.Ne6 Bh6 21.Nxf8 Rxf8 22.Ne3 Bxe3
23.fxe3 Rxf1+ 24.Qxf1 Nxe3 25.Qd3 Qg5 26.Re1 Ng4 27.Bf2 Ne7 28.c5 Ng6 29.cxd6 cxd6
30.Qg3 h5 31.Be3 Nf4 32.Bd2 h4 33.Qf3 Qg7 34.Kh1 Nh5 35.Rc1 Ng3+ 36.Kg1 Nf6
37.Be1 Nfxe4 38.Bxg3 Nxg3 39.Rc8+ Kh7 40.Qd3+ e4 41.Qxd6 Ne2+ 42.Kf2 e3+
43.Ke1 Qg3+ 44.Qxg3  1-0

[Event "HUN-chT 9394"]
[Site "?"]
[Date "1994.??.??"]
[Round "?"]
[White "Hoang Than Trang"]
[Black "Kerek, Krisztian"]
[Result "1/2-1/2"]
[WhiteElo "2260"]
[BlackElo "2170"]

1.d4 Nf6 2.c4 g6 3.Nc3 Bg7 4.e4 d6 5.Nf3 O-O 6.Be2 e5 7.O-O Nc6 8.Be3 Qd7
9.dxe5 Ng4 10.Bc1 Ngxe5 11.Be3 b6 12.Nxe5 Nxe5 13.f3 Ba6 14.Qb3 Nc6 15.Qa4 Bxc3
16.bxc3 Nb8 17.Qc2 Qc6 18.Bh6 Re8 19.Qd2 Nd7 20.Qd4 Qc5 21.Kh1 Ne5 22.Rac1 Bxc4
23.Bxc4 Qxc4 24.Qe3 Qc5 25.Qd2 Nc4 26.Qf4 Qh5 27.Bg5 h6 28.Bf6 g5 29.Qg3 Qh4
30.Qxh4 gxh4 31.Bxh4 Re5 32.Bf6 Ra5 33.Rf2 Re8 34.g4 Re6 35.Bd8 Re8 36.Bh4 Ree5
37.Rg1 Reb5 38.Bd8 c6 39.Rfg2 Rb2 40.g5 hxg5 41.Bxg5 Raxa2 42.Rxb2 Nxb2 43.Be7+ Kh7
44.Rg3 Nc4 45.Rh3+ Kg7 46.Rg3+ Kh7 47.Rh3+ Kg7 48.Rg3+ Kh7 49.Rh3+ Kg7  1/2-1/2

[Event "HUN-chT 9394"]
[Site "?"]
[Date "1994.??.??"]
[Round "?"]
[White "Lehmann, Zoltan"]
[Black "Kahn, Evarth"]
[Result "1-0"]
[WhiteElo "2300"]
[BlackElo "2325"]

1.d4 Nf6 2.c4 g6 3.Nc3 Bg7 4.e4 O-O 5.Nf3 d6 6.Be2 e5 7.O-O Nc6 8.d5 Ne7
9.Bg5 h6 10.Bxf6 Bxf6 11.b4 Bg7 12.c5 f5 13.Nd2 Kh7 14.cxd6 cxd6 15.Nc4 a6
16.a4 b6 17.a5 b5 18.Nb6 Rb8 19.Rc1 h5 20.exf5 Nxf5 21.Ne4 Qh4 22.Bd3 Bh6
23.Rc7+ Kh8 24.Ng3 Qg5 25.Qb1 h4 26.Ne4 Qd8 27.Rfc1 Ne7 28.Nxc8 Rxc8 29.Rxc8 Nxc8
30.Rc6 Qd7 31.Qc2 Qg4 32.h3 Qd7 33.Rxa6 Qf7 34.Rc6 Ne7 35.Rc7 Rd8 36.a6 Bf8
37.Ng5 Qxd5 38.Bxg6 Ra8 39.Bf7  1-0

[Event "HUN-chT 9394"]
[Site "?"]
[Date "1994.??.??"]
[Round "?"]
[White "Kecskes, Gabor"]
[Black "Tegzes, Laszlo"]
[Result "0-1"]
[WhiteElo "2195"]
[BlackElo "2240"]

1.d4 Nf6 2.c4 g6 3.Nc3 Bg7 4.e4 d6 5.Be2 O-O 6.Nf3 e5 7.O-O Nc6 8.d5 Ne7
9.Ne1 Nd7 10.f3 f5 11.Be3 f4 12.Bf2 g5 13.a4 a5 14.Nd3 Ng6 15.c5 Nf6 16.cxd6 cxd6
17.Rb1 h5 18.h3 Rf7 19.b4 axb4 20.Rxb4 Bf8 21.Nb2 Rh7 22.Nc4 g4 23.fxg4 hxg4
24.hxg4 Ne8 25.Nb5 Qf6 26.Rb3 Qh8 27.Rh3 Rxh3 28.gxh3 Qxh3 29.Nb6 Nf6 30.Qd3 Qxd3
31.Bxd3 Rb8 32.g5 Nh7 33.Kh1 Bg4 34.Rg1 Bf3+ 35.Kh2 Kf7 36.Nd7 Rd8 37.Nxf8 Nhxf8
38.Rc1 Rd7 39.Bf1 Bxe4 40.Bh3 Bxd5 41.Bxd7 Nxd7 42.Rd1 Ne7 43.Nxd6+ Ke6 44.Ne8 Kf5
45.Nf6 Nxf6 46.gxf6 Kxf6 47.Bh4+ Ke6 48.Bxe7 Bc6 49.Bd8 Bxa4 50.Re1 Kf5 51.Bc7 e4
52.Rf1 f3 53.Kg3 Bc6 54.Bf4 Bd5 55.Rh1 Bc4 56.Rh5+ Kf6 57.Be3 b5 58.Kf4 Bd3
59.Rh6+ Kf7 60.Rb6 Ke7 61.Ke5 Kf7 62.Bd4 Ke7 63.Rb7+ Ke8 64.Kd6 Bc4 65.Bg7 f2
66.Rb8+ Kf7 67.Rf8+ Kxg7 68.Rxf2 e3  0-1

[Event "HUN-chT 9394"]
[Site "?"]
[Date "1994.??.??"]
[Round "?"]
[White "Kallai, Gabor"]
[Black "Szuk, Balazs"]
[Result "0-1"]
[WhiteElo "2490"]
[BlackElo "2370"]

1.d4 Nf6 2.c4 g6 3.Nc3 Bg7 4.e4 d6 5.Be2 O-O 6.Nf3 e5 7.O-O Nc6 8.d5 Ne7
9.Ne1 Nd7 10.Be3 f5 11.f3 f4 12.Bf2 h5 13.a4 g5 14.a5 Rf6 15.Nb5 a6 16.Na7 Rxa7
17.Bxa7 Rg6 18.Bf2 Kh7 19.b4 Ng8 20.c5 Bf8 21.c6 bxc6 22.dxc6 Nb8 23.b5 g4
24.fxg4 hxg4 25.Ba7 Qh4 26.Bxb8 Rh6 27.h3 gxh3 28.Bf3 d5 29.Ba7 hxg2 30.Nxg2 Qh2+
31.Kf2 Qg3+ 32.Ke2 Bg4 33.Kd2 dxe4 34.Bxe4+ Kg7 35.Qe1 Bb4+  0-1

[Event "HUN-chT 9394"]
[Site "?"]
[Date "1994.??.??"]
[Round "?"]
[White "Karolyi, Tibor Jr"]
[Black "Mester, Gyula"]
[Result "1/2-1/2"]
[WhiteElo "2395"]
[BlackElo "2255"]

1.d4 Nf6 2.c4 g6 3.Nc3 Bg7 4.e4 d6 5.Nf3 O-O 6.Be2 e5 7.O-O Nc6 8.d5 Ne7
9.Ne1 Nd7 10.Nd3 f5 11.Bd2 fxe4 12.Nxe4 Nf5 13.Bc3 Nf6 14.Bf3 Bd7 15.g3 c5
16.a4 a5 17.Qe2  1/2-1/2

[Event "IND-ch"]
[Site "?"]
[Date "1994.??.??"]
[Round "6"]
[White "Ravi, Lanka"]
[Black "Thipsay, Praveen Mahadeo"]
[Result "1/2-1/2"]
[WhiteElo "2425"]
[BlackElo "2475"]

1.Nf3 Nf6 2.c4 g6 3.Nc3 Bg7 4.e4 d6 5.d4 O-O 6.Be2 e5 7.O-O Nc6 8.d5 Ne7
9.Nd2 a5 10.a3 Nd7 11.Rb1 f5 12.b4 Kh8 13.Qc2 Ng8 14.f3 Ngf6 15.Bd3 f4 16.Be2 g5
17.c5 dxc5 18.bxc5 Nxc5 19.Nb5 b6 20.a4 g4 21.Ba3 gxf3 22.Bxf3 Rf7 23.Bxc5 bxc5
24.Nb3 Ng4 25.Bxg4 Bxg4 26.Nxc5 Qf6 27.Ne6 Bxe6 28.dxe6 Qxe6 29.Nxc7 Qc8
30.Rfc1 Ra7 31.Nd5 Qxc2 32.Rxc2 Bf8 33.Kf2 Kg7 34.Rb5 Rfb7 35.Ke2 Rd7 36.Rc6 Rd6
37.Rxd6 Bxd6 38.Nb6 Bc7 39.Nc4 Kf6 40.Rd5 Rb7 41.Nxa5 Bxa5 42.Rxa5 Rb3 43.Kf2 Re3
44.Ra7 h5 45.a5 Rxe4 46.a6 Ra4 47.Kf3  1/2-1/2

[Event "IND-ch"]
[Site "?"]
[Date "1994.??.??"]
[Round "17"]
[White "Gokhale, Jayant Suresh"]
[Black "Tilak, Sharad S"]
[Result "1-0"]
[WhiteElo "2395"]
[BlackElo "2360"]

1.d4 Nf6 2.c4 g6 3.Nc3 Bg7 4.e4 d6 5.Nf3 O-O 6.Be2 e5 7.O-O Nc6 8.d5 Ne7
9.Nd2 a5 10.a3 Nd7 11.Rb1 f5 12.b4 Kh8 13.Qc2 Nf6 14.f3 Nh5 15.c5 Nf4 16.Nc4 axb4
17.axb4 fxe4 18.fxe4 Nxe2+ 19.Qxe2 Rxf1+ 20.Qxf1 Ng8 21.cxd6 cxd6 22.Nb5 Ra6
23.Bd2 Bh6 24.Bxh6 Nxh6 25.h3 Kg7 26.Qf2 Qe7 27.Rf1 Ng8 28.Nc7 Ra4 29.Nxd6  1-0

[Event "ISL-ch"]
[Site "ISL"]
[Date "1994.??.??"]
[Round "4"]
[White "Halldorsson, Gudmundur"]
[Black "Bjarnason, Saevar"]
[Result "1/2-1/2"]
[WhiteElo "2260"]
[BlackElo "2315"]

1.d4 Nf6 2.Nf3 g6 3.c4 Bg7 4.Nc3 O-O 5.e4 d6 6.Be2 e5 7.O-O Nc6 8.d5 Ne7
9.b4 Nh5 10.c5 Nf4 11.Bxf4 exf4 12.Rc1 h6 13.Nd2 a6 14.Nc4 f5 15.f3 g5 16.Kh1 Ng6
17.exf5 Bxf5 18.cxd6 cxd6 19.Bd3 Ne5 20.Nxe5 Bxe5 21.Bxf5 Rxf5 22.Qd3 Qf8
23.Na4 Rf7 24.Nb6 Re8 25.Rc4 Kg7 26.h3 Qe7 27.a4 Bf6 28.Re4 Qd8 29.Rxe8 Qxe8
30.Nc4 Qe7 31.b5 axb5 32.axb5 Rf8 33.Qa3 Rd8 34.Qb4 Qe2 35.Re1 Qf2 36.Qb1 Qc5
37.Qd3 Rc8 38.Nd2 Qc2 39.Qxc2 Rxc2 40.Ne4 Be5 41.Rb1 Kg6 42.h4 gxh4 43.Kh2 Rc4
44.b6 h5 45.Re1 Kf5 46.Rb1 Kg6 47.Re1 Kf7 48.Ng5+ Ke7 49.Ne6 Rb4 50.Kh3 Kf6
51.Nf8 Kf5 52.Nd7 Bd4 53.Rd1 Bf2 54.Rf1 Bg3 55.Rd1 Rb5 56.Rc1 Rxd5 57.Rb1 Rd2
58.Nb8 Re2 59.Nc6 Bf2 60.Na5 Re7 61.Rb5+ Kg6 62.Rb1 d5 63.Kh2 Re1 64.Rxe1 Bxe1
65.Nxb7 Bf2 66.Na5 Bxb6 67.Nc6 Bc5 68.Ne5+ Kf5 69.Nd3 Be3 70.Kh3 Kg5 71.Kh2 d4
72.Kh3 Bg1 73.Nc5 Kg6 74.Nd3 Be3 75.Kxh4 Kh6 76.Kh3 Kg5 77.Nc5 Kf6 78.Kh4 Kg6
79.Nd3 Kh6 80.Kh3 Kg5 81.Nc5 Kf5 82.Kh4 Ke5 83.Kxh5 Kd5 84.Ne4 d3 85.Kg4 Kd4
86.g3 fxg3 87.Kxg3 Bg5 88.Nf2 d2 89.f4 Be7 90.Kf3 Bd6 91.f5 Ke5 92.Ke2 Bb4
93.Nd3+ Kxf5 94.Nxb4 d1=N  1/2-1/2

[Event "Isla Guitart op"]
[Site "Isla Guitart "]
[Date "1994.??.??"]
[Round "?"]
[White "Larduet, Carlos"]
[Black "Pupo, Emilio"]
[Result "0-1"]
[WhiteElo "2300"]
[BlackElo "2355"]

1.d4 Nf6 2.c4 g6 3.Nc3 Bg7 4.e4 d6 5.Nf3 O-O 6.Be2 e5 7.O-O Nc6 8.d5 Ne7
9.Ne1 Nd7 10.Nd3 f5 11.Bd2 Nf6 12.f3 h6 13.c5 g5 14.Rc1 Kh8 15.b4 g4 16.Kh1 Bd7
17.Be1 fxe4 18.fxe4 Ng6 19.Qd2 Qe7 20.Bf2 Kh7 21.Be3 a6 22.Kg1 Rf7 23.Rf2 Raf8
24.Rcf1 Nh4 25.Bd1 Nh5 26.Rxf7 Rxf7 27.Rxf7 Qxf7 28.Qf2 Qe7 29.c6 bxc6 30.dxc6 Bxc6
31.Bxg4 Nf4 32.Ne1 Qg5 33.Qg3 Bb7 34.Kf1 Qf6 35.Nf3 Nfxg2 36.Bf2 Nxf3 37.Bf5+ Kh8
38.Qxf3 Nf4 39.Qe3 Qf8 40.b5 axb5 41.Nxb5 Ba6 42.a4 Qe8  0-1

[Event "JUG-chT2"]
[Site "?"]
[Date "1994.??.??"]
[Round "10"]
[White "Jovic, Aleksandar"]
[Black "Masic, Ljubomir"]
[Result "0-1"]
[WhiteElo "2370"]
[BlackElo "2280"]

1.c4 Nf6 2.Nf3 g6 3.Nc3 Bg7 4.e4 d6 5.d4 O-O 6.Be2 e5 7.O-O Nc6 8.d5 Ne7
9.Ne1 Nd7 10.Be3 f5 11.f3 f4 12.Bf2 g5 13.Nb5 a6 14.Na7 Rxa7 15.Bxa7 b6 16.b4 Bb7
17.c5 bxc5 18.bxc5 Qa8 19.c6 Qxa7+ 20.Kh1 Nxc6 21.dxc6 Bxc6 22.Rc1 Nc5 23.Nd3 Ba4
24.Qd2 Ne6 25.Nb4 Nd4 26.Bxa6 Kh8 27.Bc4 c6 28.Bd3 Qa5 29.Qc3 Ra8 30.Rf2 Bf8
31.Rb2 Rb8 32.Rcb1 Ra8 33.Nd5 cxd5 34.Qxa5 Rxa5 35.Rb8 Kg8 36.exd5 Bc2 37.Bxc2 Nxc2
38.Rc8 Rxa2 39.h4 g4 40.fxg4 Ne3 41.g5 Ra7 42.Kg1 Nxd5 43.Rbb8 Rf7 44.Rd8 Ne7
45.Rxd6 Nf5 46.Re6 Nxh4 47.Rxe5 Kg7 48.Reb5 Nf5 49.R8b7 Rxb7 50.Rxb7+ Kg6
51.Kf2 Be7 52.Kf3 Bxg5 53.Ra7 h6 54.Ra5 Ng3 55.Kg4 h5+ 56.Kf3 h4 57.Ra6+ Kh5
58.Ra8 Nf1 59.Rh8+ Bh6 60.Ke4 Ne3 61.Kf3 Nc4 62.Rd8 Ne5+ 63.Ke4 Nf7 64.Rd7 Kg6
65.Rd5 Bg5 66.Kf3 Kh5 67.Ra5 Nh6 68.Ra8 Ng4 69.Rh8+ Bh6 70.Re8 Nh2+ 71.Kf2 Bg7
72.Rd8 Kg6 73.Rd6+ Kf5 74.Rd5+ Be5 75.Rd7 Ng4+ 76.Kf3 Bf6 77.Rd5+ Ne5+ 78.Kf2 Kg4
79.Rd6 Bg7 80.Re6 Kf5 81.Re7 Bf6 82.Re8 Nf7 83.Rf8 Ng5 84.Ke2 h3 85.gxh3 Nxh3
86.Kf3 Ng5+ 87.Kg2 Ne6 88.Rf7 Nc5 89.Rf8 Nd7 90.Rf7 Ne5 91.Rf8 Ng6 92.Rf7 Kg5
93.Kf2 Bd4+ 94.Ke2 Ne5 95.Rf8 Kg4 96.Rf6 f3+ 97.Kf1 Nc4 98.Rf8 Nd2+ 99.Ke1 Ne4
100.Kf1 Kg3 101.Rg8+ Kh2 102.Rf8 Ng3+ 103.Ke1 Kg2  0-1

[Event "JUG-chT"]
[Site "JUG"]
[Date "1994.??.??"]
[Round "2"]
[White "Tomasevic, Tanja"]
[Black "Nikolin, Zorica"]
[Result "0-1"]
[WhiteElo "2200"]
[BlackElo "2275"]

1.d4 Nf6 2.c4 g6 3.Nc3 Bg7 4.e4 d6 5.Be2 O-O 6.Nf3 e5 7.O-O Nc6 8.d5 Ne7
9.Ne1 Ne8 10.Be3 f5 11.f3 f4 12.Bf2 h5 13.c5 g5 14.a4 Ng6 15.a5  0-1

[Event "Heart of Finland op 4th"]
[Site "Jyvaskyla"]
[Date "1994.??.??"]
[Round "?"]
[White "Shevelev, Sergei"]
[Black "Yrjola, Jouni"]
[Result "1-0"]
[WhiteElo "2445"]
[BlackElo "2440"]

1.d4 Nf6 2.c4 g6 3.Nc3 Bg7 4.e4 d6 5.Nf3 O-O 6.Be2 e5 7.O-O Nc6 8.d5 Ne7
9.Ne1 Nd7 10.Be3 f5 11.f3 f4 12.Bf2 g5 13.a4 a5 14.Nd3 b6 15.b4 axb4 16.Nb5 Nc5
17.Be1 g4 18.Bxb4 gxf3 19.Bxf3 Ng6 20.Bxc5 dxc5 21.Bg4 Qg5 22.Bxc8 Raxc8
23.Kh1 Rf6 24.Qf3 Kh8 25.a5 bxa5 26.Nxc5 Rg8 27.Ne6 Rxe6 28.dxe6 Qe7 29.Qh3 c6
30.Nc3 Nf8 31.Rxa5 Nxe6 32.Rfa1 Nd4 33.Ra8 Qg5 34.Rxg8+ Kxg8 35.Ne2 Nc2  1-0

[Event "Heart of Finland op 4th"]
[Site "Jyvaskyla"]
[Date "1994.??.??"]
[Round "?"]
[White "Rantanen, Yrjo A"]
[Black "Seeman, Tarvo"]
[Result "1/2-1/2"]
[WhiteElo "2350"]
[BlackElo "2260"]

1.d4 Nf6 2.c4 g6 3.Nc3 Bg7 4.e4 d6 5.Nf3 O-O 6.Be2 e5 7.O-O Nc6 8.d5 Ne7
9.Ne1 Nd7 10.Nd3 f5 11.Bd2 Kh8 12.Qc2 Ng8 13.f4 exf4 14.Bxf4 g5 15.Bd2 f4
16.Nd1 Ne7 17.g3 fxg3 18.Rxf8+ Qxf8 19.hxg3 Ne5 20.Nxe5 Bxe5 21.Bc3 Ng6 22.Nf2 Qg7
23.Rc1 Bd7 24.Kg2 Rf8 25.Bxe5 Qxe5 26.Qc3 c5 27.dxc6 Bxc6 28.Qxe5+ Nxe5 29.Rd1 Rf6
30.Rd4 Re6 31.b4 b6 32.a3 Kg7 33.Nd1 Nd7 34.Nc3 Nf6 35.Bd3 h5 36.Kf3 Ng4
37.Ke2 Rf6 38.Nd1 Ne5 39.Ne3 Nf3 40.Rxd6 Ng1+ 41.Ke1 Rxd6 42.Nf5+ Kf6 43.Nxd6 Nf3+
44.Kf2 Ne5 45.Be2 h4  1/2-1/2

[Event "Heart of Finland op 4th"]
[Site "Jyvaskyla"]
[Date "1994.??.??"]
[Round "?"]
[White "Sherbakov, Ruslan"]
[Black "Seeman, Tarvo"]
[Result "1/2-1/2"]
[WhiteElo "2510"]
[BlackElo "2260"]

1.d4 Nf6 2.c4 g6 3.Nc3 Bg7 4.e4 d6 5.Be2 O-O 6.Nf3 e5 7.O-O Nc6 8.d5 Ne7
9.Nd2 a5 10.Rb1 Nd7 11.a3 f5 12.b4 Kh8 13.f3 Ng8 14.Qc2 Ngf6 15.Bd3 f4 16.Be2 Rg8
17.c5 axb4 18.axb4 dxc5 19.Nb5 b6 20.bxc5 bxc5 21.Bb2 Ba6 22.Ra1 Bxb5 23.Bxb5 Bf8
24.Rxa8 Qxa8 25.Ra1 Qb8 26.Bxd7 Nxd7 27.Nc4 Bd6 28.Qa4 Rd8 29.g3 Nb6 30.Nxb6 Qxb6
31.Qc2 Rb8 32.Bc3 g5 33.Kg2 h6 34.Qc1 Kh7 35.h4 Qb5 36.Qd2 Rg8 37.hxg5 Rxg5
38.g4 h5 39.Rh1 Kg6 40.Rxh5 Rxh5 41.gxh5+ Kxh5 42.Qd1 Kg6 43.Kf2 Qc4 44.Qg1+ Kf7
45.Qg4 Qxc3 46.Qe6+ Kg7 47.Qg4+  1/2-1/2

[Event "Heart of Finland op 4th"]
[Site "Jyvaskyla"]
[Date "1994.??.??"]
[Round "?"]
[White "Volzhin, Alexander"]
[Black "Pulkkinen, Kari"]
[Result "1-0"]
[WhiteElo "2425"]
[BlackElo "2355"]

1.d4 Nf6 2.c4 g6 3.Nc3 Bg7 4.e4 d6 5.Nf3 O-O 6.Be2 e5 7.O-O Nc6 8.d5 Ne7
9.Nd2 a5 10.a3 Nd7 11.Rb1 f5 12.b4 Kh8 13.f3 Ng8 14.Qc2 Ngf6 15.Bd3 f4 16.Nb5 axb4
17.axb4 Rg8 18.c5 dxc5 19.bxc5 Bf8 20.d6 cxd6 21.cxd6 g5 22.Nc4 g4 23.Bb2 gxf3
24.Rxf3 Ng4 25.Rxf4 Bh6 26.Rf3 Qg5 27.h3 Ngf6 28.Rf5 Qg6 29.Rxe5 Nxe5 30.Nxe5 Qg3
31.d7 Bf4 32.Ng4 Bxd7 33.Bxf6+ Rg7 34.Bxg7+ Kxg7 35.Qc3+ Kg8 36.Bc4+  1-0